Využitie modelu hodnotenia spokojnosti v podmienkach súkromného zdravotníckeho zariadenia

Salvato in:
Dettagli Bibliografici
Autore principale: Bosáková, Lucia
Natura: Capitolo di libro
Lingua:slovacco
Soggetti:
Tags: Aggiungi Tag
Nessun Tag, puoi essere il primo ad aggiungerne!!

MARC

LEADER 00000nla$a2200000$$$4500
001 0146997
005 20240605075131.5
041 0 |a slo 
044 |a SK 
245 1 0 |a Využitie modelu hodnotenia spokojnosti v podmienkach súkromného zdravotníckeho zariadenia  |c Lucia Bosáková 
500 |a Abstrakt 
610 2 0 |a zdravotníctvo 
610 2 0 |a zariadenia zdravotnícke 
610 2 0 |a zamestnanci 
610 2 0 |a spokojnosť v práci 
610 2 0 |a motivácia pracovná 
610 2 0 |a modely 
100 1 |a Bosáková, Lucia